Southville International School and Colleges
Your cart is empty.
  • Cart
  • Lists
    Public lists Eva Luna New books Lux_list list_1
    Your lists Log in to create your own lists
  • Log in to your account
  • Your cookies
  • Search history
Southville International School and Colleges
  • Advanced search
  • Recent comments
  • Most popular
  • Libraries

Log in to your account

Log in with GOOGLE


If you do not have an external account, but do have a local account, you can still log in:

  1. Home
  2. MARC view: Jack London's The call of the wild /
Normal view MARC view ISBD view

Jack London's The call of the wild / (Record no. 306669)

[ view plain ]
MARC details
000 -LEADER
fixed length control field 00783nam a2200313Ia 4500
008 - FIXED-LENGTH DATA ELEMENTS--GENERAL INFORMATION
fixed length control field 170203s9999 xx 000 0 und d
020 ## - INTERNATIONAL STANDARD BOOK NUMBER
International Standard Book Number 0-076016021
050 ## - LIBRARY OF CONGRESS CALL NUMBER
Classification number Fic
050 ## - LIBRARY OF CONGRESS CALL NUMBER
Item number L847t
100 ## - MAIN ENTRY--PERSONAL NAME
Personal name Wood, Barbara.
245 ## - TITLE STATEMENT
Title Jack London's The call of the wild /
245 ## - TITLE STATEMENT
Statement of responsibility, etc retold by Barbara Wood ; illustrated by Gary Torrisi.
260 ## - PUBLICATION, DISTRIBUTION, ETC. (IMPRINT)
Place of publication, distribution, etc Columbus, OH :
260 ## - PUBLICATION, DISTRIBUTION, ETC. (IMPRINT)
Name of publisher, distributor, etc SRA/McGraw-Hill,
260 ## - PUBLICATION, DISTRIBUTION, ETC. (IMPRINT)
Date of publication, distribution, etc ©2004.
300 ## - PHYSICAL DESCRIPTION
Extent 60 pages :
300 ## - PHYSICAL DESCRIPTION
Other physical details illustrations ;
300 ## - PHYSICAL DESCRIPTION
Dimensions 18 cm.
440 ## - SERIES STATEMENT/ADDED ENTRY--TITLE
Title Reaching goals,
440 ## - SERIES STATEMENT/ADDED ENTRY--TITLE
Volume number/sequential designation bk. 6.
650 ## - SUBJECT ADDED ENTRY--TOPICAL TERM
Topical term or geographic name as entry element Dogs --
650 ## - SUBJECT ADDED ENTRY--TOPICAL TERM
Topical term or geographic name as entry element Wolves --
650 ## - SUBJECT ADDED ENTRY--TOPICAL TERM
Topical term or geographic name as entry element Yukon --
650 ## - SUBJECT ADDED ENTRY--TOPICAL TERM
General subdivision Fiction.
650 ## - SUBJECT ADDED ENTRY--TOPICAL TERM
General subdivision Fiction.
650 ## - SUBJECT ADDED ENTRY--TOPICAL TERM
General subdivision Fiction.
700 ## - ADDED ENTRY--PERSONAL NAME
Personal name London, Jack.
700 ## - ADDED ENTRY--PERSONAL NAME
Personal name Torrisi, Gary, ill.
Holdings
Withdrawn status Lost status Damaged status Home library Current library Shelving location Date acquired Total Checkouts Full call number Barcode Date last seen Price effective from Koha item type
      Stonyhurst Southville International School (Batangas) Stonyhurst Southville International School (Batangas)   02/03/2017   Fic .L847t 2004 LS-0373 02/03/2017 02/03/2017 Books

Jack London's The call of the wild /

APA

Wood B., London J. & Torrisi G. i.Jack London's The call of the wild. Columbus, OH: .

Chicago

Wood Barbara, London Jack and Torrisi Gary ill.Jack London's The call of the wild. Columbus, OH: .

Harvard

Wood B., London J. and Torrisi G. i.Jack London's The call of the wild. Columbus, OH: .

MLA

Wood Barbara, London Jack and Torrisi Gary ill.Columbus, OH: . .

  • Place hold
  • Print
  • Cite
  • Add to your cart (remove)
  • Save record
    BIBTEX Dublin Core MARCXML MARC (non-Unicode/MARC-8) MARC (Unicode/UTF-8) MARC (Unicode/UTF-8, Standard) MODS (XML) RIS
  • More searches
    Search for this title in:
    Other Libraries (WorldCat) Other Databases (Google Scholar) Online Stores (Bookfinder.com) Open Library (openlibrary.org)

Exporting to Dublin Core...

SOUTHVILLE LIBRARY

Southville International School and Colleges Library

1281 Tropical Ave. Cor. Luxembourg St., BF Homes International, Las Pinas City

Tel. No. 8256374 / 252358 Loc. 117/146

Powered by Koha